000 00205 a2200097 4500
001 46444
100 _aGeddie, W
245 _aDictionary
260 _aLondon
_bW & R Chambers Ltd
_c
090 _c29541
_d29541
942 _aNUST-CAE
_c
_c21715
999 _c281517
_d281517